|
|
|
|
| LEADER |
01634cas a2200253 a 4500 |
| 001 |
AALejournalIMF012192 |
| 008 |
230101c9999 xx r poo 0 0eng d |
| 020 |
|
|
|c 5.00 USD
|
| 020 |
|
|
|z 9781557756794
|
| 022 |
|
|
|a 1020-5098
|
| 040 |
|
|
|a BD-DhAAL
|c BD-DhAAL
|
| 100 |
1 |
|
|a Slaughter, Matthew.
|
| 245 |
1 |
0 |
|a Does Globalization Lower Wages and Export Jobs? /
|c Matthew Slaughter, Phillip Swagel.
|
| 264 |
|
1 |
|a Washington, D.C. :
|b International Monetary Fund,
|c 1997.
|
| 300 |
|
|
|a 1 online resource (15 pages)
|
| 490 |
1 |
|
|a Economic Issues
|
| 500 |
|
|
|a <strong>Off-Campus Access:</strong> No User ID or Password Required
|
| 500 |
|
|
|a <strong>On-Campus Access:</strong> No User ID or Password Required
|
| 506 |
|
|
|a Electronic access restricted to authorized BRAC University faculty, staff and students
|
| 520 |
3 |
|
|a Increased globalization - the international integration of markets for goods, technology, labor, and capital - has coincided in the past 20 years with a shift in demand from less-skilled workers to those with more skills. Have imports from developing countries been responsible for the lowered wages of the unskilled, increased unemployment, and widened income inequality in the more advanced countries? This paper finds that a more important influence on labor markets during these years has been a technology-driven shift in labor demand.
|
| 538 |
|
|
|a Mode of access: Internet
|
| 700 |
1 |
|
|a Swagel, Phillip.
|
| 830 |
|
0 |
|a Economic Issues; Economic Issues ;
|v No. 1997/007
|
| 856 |
4 |
0 |
|z Full text available on IMF
|u http://elibrary.imf.org/view/books/051/01822-9781557756794-en/01822-9781557756794-en-book.xml
|z IMF e-Library
|